02164nam a22002297a 450000500170000000800410001704000700005804100080012808200120013610000280014824200670017624500650024326001210030830000460042950008650047550504840134050600210182454600230184565000190186865000220188765000250190920170315105005.0130419s1896||||fr a|||fr|||||001|0|fre|d aCo-BoUCMbspacSandra Yazo (modificó)dSandra Yazo (modificó)0 afre04a7092201 aMotte, Henrid1846-192200aBreve historia del artebCien grabadoscpor Enrique Motteyspa10aPetite histoire de l'art ...bCent gravurescpar Henri Motte aParís (Francia)bArmand Colin et Cie. [Armando Colin y compañía]bImprimerie Lahure [Imprenta de Lahure]c1896 a318 páginasbilustracionesc25 x 17 cm. aDetalles físicos: Encuadernación rígida en cartón duro forrado en tela texturizada. Tapas y lomo con datos de publicación impresos en negro y dorado. Guardas. Anteportada. Portada impresa en una sola tinta, con anagrama de los editores, nota manuscrita y sello seco del donante. Texto impreso en una sola columna con varios tamaños de letra. Márgenes amplios. Grabados entre el texto pág. 65 (Asiria: palacios reales de Nínive), pág.108 (órdenes griegos: modelos de capiteles), pág.113 (Atenas: Teatro de Dionisos), pág.119 (Acrópolis), pág.133 (cabeza de Alejandro), pág.167 (Roma: Circo Máximo), pág.175 (Arco de Tito), pág.181 (estatua de Augusto), pág.259 (el Papa Julio II, de Rafael), pág.279 (la Navidad, de Durero) y algunas fotos en blanco y negro. Papel manchado. Anotaciones marginales manuscritas a lápiz0 aHistoria del Arte: Los orígenes ; El arte egipcio ; El arte caldeo y asirio ; La civilización fenicia ; El arte griego ; El arte romano ; El arte cristiano y bizantino ; El arte árabe ; El arte románico ; El arte gótico ; El Renacimiento ; Arquitectura del Renacimiento -- Escuelas de pintura: italiana, flamenca, holandesa -- Las artes plásticas en Alemania, España e Inglaterra -- Pintura y escultura: escuela francesa -- La época de Luis XIV -- El arte moderno aConsulta en sala aTexto en francés 7aArtexHistoria 7aPinturaxHistoria 7aEscultura xHistoria